000 00820nam a2200229 a 4500
001 000041214
003 DO-SdBNP
005 20250626112959.0
008 130926s1948 mx 001 0 spa d
040 _aDO-SdBNP
_bspa
_cBNPHU
082 _a512
_bH174a
100 1 _aHall, Henry Sinclair,
_d1848-1934
_967789
245 1 0 _aÁlgebra superior. /
_cHenry Sinclair Hall, Samuel Ratcliffe Knight ; versión castellana por Rafael García Díaz.
260 _aMéxico :
_bUnion tipográfica editorial hispano americana,
_c1948.
300 _a696 p. ;
_c19 cm.
500 _aLa biblioteca posee la reimpresión del 1959.
500 _aIncluye índice alfabético
590 _aInventariado, 2019/ YL
700 1 _aGarcía Díaz, Rafael
_ev. cast.
_967790
700 1 _aKnight, Samuel Ratcliffe
_967791
942 _2ddc
_cLBS1
999 _c40704
_d40704